00803nab a2200193 i 4500001000400000003000400004005001700008008003900025040000800064041000800072100012600080245012500206260001000331500004200341500012400383773007600507942001300583999001300596BPPBPK20180430112208.0151110s1997 pl n f |000 0eng cBPK aeng aSUSZYŃSKI, Zbigniew.d1996 - .bPolitechnika Koszalińska - Wydział Elektroniki,cKatedra Elektroniki Ciała Stałego aQuality investigation of joint of bipolar transistor chip and lead frame by thermal wave method /cZbigniew Suszyński. c1997. aDane z bibliografii załącznikowej. asprawozdanie jednostki (Informator o publikowanych wynikach prac naukowo-badawczych w 2001 roku Wydziału Elektroniki). iW :tIEE Proc. Circuits Devices Syst. -g1997, Vol. 144, nr 2, s. 78-80 cART2UKD c179d179